LEADER 01878oam 2200445M 450 001 9910716329503321 005 20200213070621.8 035 $a(CKB)5470000002520843 035 $a(OCoLC)1065990013 035 $a(OCoLC)995470000002520843 035 $a(EXLCZ)995470000002520843 100 $a20071213d1926 ua 0 101 0 $aeng 135 $aurcn||||||||| 181 $ctxt$2rdacontent 182 $cc$2rdamedia 183 $acr$2rdacarrier 200 10$aExtension of the time limitations under which patents were issued in the case of persons who served in the armed forces of the United States during the World War. June 30, 1926. -- Referred to the House Calendar and ordered to be printed 210 1$a[Washington, D.C.] :$c[U.S. Government Printing Office],$d1926. 215 $a1 online resource (1 page) 225 1 $aHouse report / 69th Congress, 1st session. House ;$vno. 1574 225 1 $a[United States congressional serial set ] ;$v[serial no. 8534] 300 $aBatch processed record: Metadata reviewed, not verified. Some fields updated by batch processes. 300 $aFDLP item number not assigned. 606 $aPatent extensions 606 $aWorld War, 1914-1918 606 $aVeterans 608 $aLegislative materials.$2lcgft 615 0$aPatent extensions. 615 0$aWorld War, 1914-1918. 615 0$aVeterans. 701 $aVestal$b Albert H$g(Albert Henry),$f1875-1932$pRepublican (IN)$01387992 801 0$bWYU 801 1$bWYU 801 2$bOCLCO 801 2$bOCLCQ 906 $aBOOK 912 $a9910716329503321 996 $aExtension of the time limitations under which patents were issued in the case of persons who served in the armed forces of the United States during the World War. June 30, 1926. -- Referred to the House Calendar and ordered to be printed$93463169 997 $aUNINA LEADER 01747oam 2200457M 450 001 9910716288103321 005 20200213071005.4 035 $a(CKB)5470000002519240 035 $a(OCoLC)1065636448 035 $a(OCoLC)995470000002519240 035 $a(EXLCZ)995470000002519240 100 $a20071213d1926 ua 0 101 0 $aeng 135 $aurcn||||||||| 181 $ctxt$2rdacontent 182 $cc$2rdamedia 183 $acr$2rdacarrier 200 10$aProviding for expenses of the office of recorder of deeds and register of wills of the District of Columbia. March 27, 1926. -- Ordered to be printed 210 1$a[Washington, D.C.] :$c[U.S. Government Printing Office],$d1926. 215 $a1 online resource (3 pages) 225 1 $aSenate report / 69th Congress, 1st session. Senate ;$vno. 490 225 1 $a[United States congressional serial set ] ;$v[serial no. 8525] 300 $aBatch processed record: Metadata reviewed, not verified. Some fields updated by batch processes. 300 $aFDLP item number not assigned. 606 $aFees, Administrative 606 $aLegislative amendments 607 $aWashington (D.C.)$xPolitics and government 608 $aLegislative materials.$2lcgft 615 0$aFees, Administrative. 615 0$aLegislative amendments. 701 $aCapper$b Arthur$f1865-1951$pRepublican (KS)$01386839 801 0$bWYU 801 1$bWYU 801 2$bOCLCO 801 2$bOCLCQ 801 2$bOCLCO 801 2$bOCLCQ 906 $aBOOK 912 $a9910716288103321 996 $aProviding for expenses of the office of recorder of deeds and register of wills of the District of Columbia. March 27, 1926. -- Ordered to be printed$93475283 997 $aUNINA